Normal view
MARC view
- البنوك التجارية-الائتمان-الاردن
Entry Topical Term
001 - CONTROL NUMBER
- control field: 61267
003 - CONTROL NUMBER IDENTIFIER
- control field: JO-AjAnu
005 - DATE AND TIME OF LATEST TRANSACTION
- control field: 20230606084018.0
008 - FIXED-LENGTH DATA ELEMENTS
- fixed length control field: 230606|| aca||aabn | a|a d
040 ## - CATALOGING SOURCE
- Original cataloging agency: JO-AjAnu
- Transcribing agency: JO-AjAnu
150 ## - HEADING--TOPICAL TERM
- Topical term or geographic name entry element: البنوك التجارية-الائتمان-الاردن
670 ## - SOURCE DATA FOUND
- Source citation: Work cat.: (JO-AjAnu)31252: إعداد: الصمادي، سامية سليم محمود؛ اشراف مأمون محمد القضاة, author 61266, اثر خصائص لجنة التدقيق على المخاطر الانتمائية في البنوك التجارية المدرجة في بورصة عمان-هيكل الملكية المؤسسية كمتغير معدل = The Effect of the Audit Committee Characteristics on Credit Risks in Commercial Banks Listed on the Amman Stock Exchange - The Institutional Ownership Structure as a Moderating Variable